| 000 | 00352nam a2200109Ia 4500 | ||
|---|---|---|---|
| 008 | 220204s9999 xx 000 0 und d | ||
| 082 |
_aNR:63:930.25 _bARC.26 |
||
| 245 | 0 | _aSupplemented to the paper 'effect of cover plants on soil nutrient status and on growth of Hevea V | |
| 260 |
_aMalaysia _bRRIM _c1964 |
||
| 490 | _aRRIM Archives No.26 | ||
| 942 | _cBK | ||
| 999 |
_c22746 _d22746 |
||